| 000 | 00887cam a2200265 a 4500 | ||
|---|---|---|---|
| 001 | 18187221 | ||
| 005 | 20201128021244.0 | ||
| 008 | 140613t2014 nyua frb 000 0 eng d | ||
| 020 | _a9783319073828 | ||
| 020 | _a9783319073835 (ebk) | ||
| 040 |
_aDLC _beng _cDLC _dDLC _dEG-ScBUE |
||
| 082 | 0 | 4 |
_a620.11 _bDES _222 |
| 245 | 0 | 0 |
_aDesign and computation of modern engineering materials / _ceditors Andreas Öchsner, Holm Altenbach. |
| 260 |
_aNew York : _bSpringer, _cc.2014. |
||
| 300 |
_aviii, 438 p. : _bill. ; _c24 cm. |
||
| 490 | 0 |
_aAdvanced structured materials ; _v54 |
|
| 504 | _aIncludes bibliographical references. | ||
| 650 | 7 |
_aMaterials. _2BUEsh _91256 |
|
| 651 | _2BUEsh | ||
| 653 |
_bENGGEN _cMay2015 |
||
| 655 |
_vreading book _934232 |
||
| 700 | 1 |
_aÖchsner, Andreas _eeditor. _937914 |
|
| 700 | 1 |
_aAltenbach, Holm, _d1956- _eeditor. _937915 |
|
| 942 |
_2ddc _k620.11 DES |
||
| 999 |
_c19314 _d19286 |
||